[Event "Open Ciudad de San Sebastián 2018"]
[Site "San Sebastian ESP"]
[Date "2018.03.31"]
[Round "9.7"]
[White "Franco Alonso, Alejandro"]
[Black "Aguero Jimenez, Luis Lazaro"]
[Result "1/2-1/2"]
[WhiteElo "2444"]
[BlackElo "2463"]
[PlyCount "137"]
[EventDate "2018.03.24"]
[EventType "swiss"]
[EventRounds "9"]
[EventCountry "ESP"]
[SourceTitle "Ajedrez en Madrid"]
[Source "lmi"]
[SourceDate "2018.03.24"]
[SourceVersion "1"]
[SourceVersionDate "2018.04.01"]
[SourceQuality "1"]

1. d4 d5 2. Nf3 Nf6 3. c4 dxc4 4. e3 a6 5. Bxc4 e6 6. O-O c5 7. dxc5 Bxc5 8.
Qxd8+ Kxd8 9. Nbd2 Ke7 10. Be2 Nc6 11. b3 b6 12. Bb2 Rd8 13. Rfd1 Bb7 14. Ne1
Ke8 15. Nd3 Bf8 16. Nc4 b5 17. Nce5 Nxe5 18. Nxe5 Rxd1+ 19. Rxd1 Rc8 20. Rc1
Rxc1+ 21. Bxc1 Nd5 22. Bf3 f6 23. Nd3 Kd7 24. Bd2 Bc6 25. Kf1 e5 26. Bg4+ Kc7
27. e4 Nb6 28. f3 Bd7 29. Ba5 Bxg4 30. fxg4 Kc6 31. Bxb6 Kxb6 32. Ke2 Kc6 33.
g5 Kd7 34. gxf6 gxf6 35. Kf3 Ke6 36. h4 a5 37. a4 bxa4 38. bxa4 Be7 39. g4 Ba3
40. Kg3 Bf8 41. Kg2 Ba3 42. Kf3 Be7 43. Nb2 Bd8 44. Nc4 Kd7 45. Nb2 Kc6 46. Nd3
Kd6 47. Kg3 Be7 48. h5 Bd8 49. Kf3 Bb6 50. Ke2 Bd4 51. Kd2 Ke6 52. Kc2 Kf7 53.
Ne1 Kg7 54. Nf3 Ba1 55. Kd3 Kh6 56. Kc4 f5 57. gxf5 Kxh5 58. Kd5 Bc3 59. Nxe5
Kg5 60. Nf3+ Kg4 61. Nd4 h5 62. f6 h4 63. f7 Bb4 64. Nf5 Bf8 65. Nxh4 Kxh4 66.
Kc4 Kg5 67. Kb5 Bb4 68. f8=Q Bxf8 69. Kxa5 1/2-1/2

[Event "Open Ciudad de San Sebastián 2018"]
[Site "San Sebastian ESP"]
[Date "2018.03.31"]
[Round "9.8"]
[White "Forgas Moreno, Yaniela"]
[Black "Corral Sierra, Javier"]
[Result "0-1"]
[WhiteElo "2245"]
[BlackElo "2040"]
[PlyCount "92"]
[EventDate "2018.03.24"]
[EventType "swiss"]
[EventRounds "9"]
[EventCountry "ESP"]
[SourceTitle "Ajedrez en Madrid"]
[Source "lmi"]
[SourceDate "2018.03.24"]
[SourceVersion "1"]
[SourceVersionDate "2018.04.01"]
[SourceQuality "1"]

1. e4 c5 2. Nc3 a6 3. Nf3 b5 4. d4 cxd4 5. Nxd4 Bb7 6. a3 e6 7. Bd3 Qb6 8. Nb3
Qc7 9. f4 d6 10. O-O Nc6 11. Qf3 Nf6 12. Be3 Be7 13. Qh3 h5 14. Kh1 g6 15. Rae1
b4 16. axb4 Nxb4 17. e5 Nxd3 18. cxd3 dxe5 19. fxe5 Ng4 20. Bd4 Rd8 21. Qg3 Ba8
22. Qf4 Rh7 23. Re2 Qb8 24. Nc5 g5 25. Qc1 Rxd4 26. Nxa6 Qc8 27. Nb5 Qxc1 28.
Rxc1 Rd8 29. Nbc7+ Kf8 30. b4 Bb7 31. Rc3 h4 32. h3 Nh6 33. Ra2 Nf5 34. Nc5
Bxc5 35. bxc5 Nd4 36. Ra7 Bc6 37. Rc4 Rh5 38. Ra6 g4 39. Rxd4 Bxg2+ 40. Kxg2
gxh3+ 41. Kxh3 Rxd4 42. Rxe6 Rxd3+ 43. Kg4 fxe6 44. Kxh5 h3 45. Nxe6+ Ke7 46.
Nf4 h2 0-1

[Event "Open Ciudad de San Sebastián 2018"]
[Site "San Sebastian ESP"]
[Date "2018.03.31"]
[Round "9.9"]
[White "Alonso Arburu, Juan Ignacio"]
[Black "Vicente Ezeiza, Mikel"]
[Result "1-0"]
[WhiteElo "2397"]
[BlackElo "1921"]
[PlyCount "63"]
[EventDate "2018.03.24"]
[EventType "swiss"]
[EventRounds "9"]
[EventCountry "ESP"]
[SourceTitle "Ajedrez en Madrid"]
[Source "lmi"]
[SourceDate "2018.03.24"]
[SourceVersion "1"]
[SourceVersionDate "2018.04.01"]
[SourceQuality "1"]

1. d4 c5 2. d5 e5 3. e4 d6 4. Nc3 Be7 5. f4 exf4 6. Bxf4 Bg5 7. Bb5+ Kf8 8. Qd2
Bxf4 9. Qxf4 Qf6 10. Qe3 Bg4 11. h3 Bh5 12. g4 Qh4+ 13. Kd2 Bg6 14. g5 Bh5 15.
Be2 Nd7 16. Nb5 Ke7 17. Rf1 Ne5 18. Rf5 f6 19. Rh2 Bxe2 20. Kxe2 Nc4 21. Qd3
Ne5 22. Rxe5+ fxe5 23. Nf3 Qf4 24. Nc7 Rf8 25. Rf2 b5 26. b3 c4 27. bxc4 bxc4
28. Qxc4 Rc8 29. Qc6 Qxe4+ 30. Kd1 Qb4 31. Nxe5 Qb1+ 32. Ke2 1-0

[Event "Open Ciudad de San Sebastián 2018"]
[Site "San Sebastian ESP"]
[Date "2018.03.31"]
[Round "9.10"]
[White "Zubizarreta Riego, Mikel"]
[Black "Hernandez Estevez, Yudania"]
[Result "0-1"]
[WhiteElo "1950"]
[BlackElo "2241"]
[PlyCount "104"]
[EventDate "2018.03.24"]
[EventType "swiss"]
[EventRounds "9"]
[EventCountry "ESP"]
[SourceTitle "Ajedrez en Madrid"]
[Source "lmi"]
[SourceDate "2018.03.24"]
[SourceVersion "1"]
[SourceVersionDate "2018.04.01"]
[SourceQuality "1"]

1. d4 d5 2. Nf3 Nf6 3. c4 c6 4. cxd5 cxd5 5. Nc3 Nc6 6. Bf4 e6 7. e3 a6 8. Bd3
Be7 9. Rc1 O-O 10. O-O Nh5 11. Bg3 f5 12. Be5 Nf6 13. Bxf6 gxf6 14. Bb1 Kh8 15.
Na4 Rg8 16. Nc5 Bd6 17. Qd2 Qe8 18. Ne1 b6 19. Ncd3 a5 20. f4 Ba6 21. Rf3 Rc8
22. a3 Qh5 23. Nf2 Rg7 24. Rh3 Qe2 25. Qxe2 Bxe2 26. Bd3 Bxd3 27. Nfxd3 Rgc7
28. Kf1 a4 29. Rf3 Na5 30. Rxc7 Rxc7 31. Rf2 Nc4 32. Re2 Kg7 33. Kf2 Kf7 34.
Rc2 Ke8 35. Nc1 Nxb2 36. Rxb2 Rxc1 37. Rxb6 Kd7 38. Rb7+ Rc7 39. Rxc7+ Kxc7 40.
Nc2 e5 41. fxe5 fxe5 42. dxe5 Bxe5 43. h3 Kd6 44. Ke2 Bb2 45. Kd3 Ke5 46. Nd4
Bxd4 47. exd4+ Kf4 48. h4 h5 49. Kc3 Ke3 50. g3 Ke4 51. Kb4 Kxd4 52. Kxa4 Kc4
0-1

[Event "Open Ciudad de San Sebastián 2018"]
[Site "San Sebastian ESP"]
[Date "2018.03.31"]
[Round "9.11"]
[White "Habans Aguerrea, Javier"]
[Black "Urriza Iricibar, Pablo"]
[Result "0-1"]
[WhiteElo "1930"]
[BlackElo "2232"]
[PlyCount "132"]
[EventDate "2018.03.24"]
[EventType "swiss"]
[EventRounds "9"]
[EventCountry "ESP"]
[SourceTitle "Ajedrez en Madrid"]
[Source "lmi"]
[SourceDate "2018.03.24"]
[SourceVersion "1"]
[SourceVersionDate "2018.04.01"]
[SourceQuality "1"]

1. e4 e6 2. d4 d5 3. Nd2 Nc6 4. Ngf3 Nf6 5. Bd3 Nb4 6. O-O Nxd3 7. cxd3 Be7 8.
Re1 O-O 9. Nf1 b6 10. Ng3 Bb7 11. Qb3 Nd7 12. Be3 c5 13. dxc5 Nxc5 14. Bxc5
Bxc5 15. Rad1 Qd7 16. d4 Bd6 17. e5 Be7 18. Rc1 Rfc8 19. Ne2 Ba6 20. Nc3 Rc4
21. a3 Rac8 22. Na2 Bb5 23. Nc3 g6 24. Rb1 Ba6 25. Nd1 Qb5 26. Qxb5 Bxb5 27.
Ne3 R4c7 28. g3 g5 29. g4 Bd3 30. Rbd1 Be4 31. Nd2 Bg6 32. Nb1 a6 33. Kf1 b5
34. Ke2 b4 35. axb4 Bxb4 36. Rg1 Bc2 37. Rdf1 Ba4 38. Kf3 f6 39. exf6 Rf7 40.
Rc1 Rxf6+ 41. Kg2 Rcf8 42. Rgf1 Bb5 43. Rfd1 Rxf2+ 44. Kg1 Bd6 45. h3 Bh2+ 46.
Kh1 Be2 47. Rd2 Bf3+ 48. Ng2 Rxd2 49. Nxd2 Bf4 50. Rc2 Bd1 51. Rc1 Ba4 52. Nxf4
Rxf4 53. Rc8+ Kg7 54. Rc7+ Kg6 55. Re7 Kf6 56. Rxh7 Rxd4 57. Nf3 Rf4 58. Ng1 d4
59. Ne2 d3 60. Nc3 d2 61. Rh6+ Ke5 62. Rh5 Rf3 63. Rxg5+ Kf4 64. Rg8 Rxc3 65.
Rf8+ Kg3 66. Rf1 Rc1 0-1

[Event "Open Ciudad de San Sebastián 2018"]
[Site "San Sebastian ESP"]
[Date "2018.03.31"]
[Round "9.12"]
[White "Alfaro Garcia Del Cerro, Juan L"]
[Black "Gomez Calvo, Jose Ricardo"]
[Result "1-0"]
[WhiteElo "2176"]
[BlackElo "1899"]
[PlyCount "47"]
[EventDate "2018.03.24"]
[EventType "swiss"]
[EventRounds "9"]
[EventCountry "ESP"]
[SourceTitle "Ajedrez en Madrid"]
[Source "lmi"]
[SourceDate "2018.03.24"]
[SourceVersion "1"]
[SourceVersionDate "2018.04.01"]
[SourceQuality "1"]

1. d4 d5 2. c4 e6 3. Nf3 Nf6 4. g3 dxc4 5. Bg2 Bb4+ 6. Bd2 Be7 7. O-O Nbd7 8.
Qa4 a6 9. Qxc4 b5 10. Qc2 Bb7 11. Ba5 Nb6 12. Nbd2 O-O 13. Rac1 Rc8 14. b4 Re8
15. e3 Bd6 16. Rfd1 Qe7 17. a3 e5 18. dxe5 Bxe5 19. Nxe5 Bxg2 20. Kxg2 Qxe5 21.
Bxb6 cxb6 22. Qxc8 Rxc8 23. Rxc8+ Ne8 24. Nf3 1-0